000 00665nam a22001577a 4500
003 OSt
005 20150916112439.0
008 150916b xxu||||| |||| 00| 0 eng d
040 _cRUA
082 _aAGR MOB 2003 B028 Or.1
100 _9587
_aMOB, SARETH.
245 _aThe effect of agrochemicals on community economy in koh thom district kandal province ផលប៉ះពាល់នៃសារធាតុគីមីកសិកម្មលើសេដ្ឋកិច្ច​សហគមន៍ក្នុងស្រុកកោះធំ ខេត្តកណ្ដាល
260 _aPhnom Penh
_bRUA
_c2003
300 _a45p.
_bill.
_c29cm.
942 _2ddc
_cAGR
999 _c565
_d565